Personnage des aventures de Tintin : Bianca Castafiore (Vol.I) - Statistiques

Statistiques générales
  • Ce quiz a été pris 37 fois
  • Le résultat moyen est 13 sur 20
Statistiques - réponses
Questions Réponses % Correct
Pianiste qui accompagne Bianca Castafiore et qui apparaît lui aussi dans l'album précédent sans encore être nommé. Igor Wagner
93%
Pays fictif dans lequel Tintin rencontre Bianca Castafiore pour la première fois. La Syldavie
89%
Album dans lequel Bianca Castafiore apparaît pour la première fois. Le Sceptre d'Ottokar
89%
Objet servant à refléter l'image de quelque chose ou de quelqu'un. Le personnage interprété par la Castafiore rit de s'y "voir si belle". Le miroir
85%
Camériste de Bianca Castafiore. Irma
81%
Opéra dont Bianca Castafiore chante systématiquement "L'Air des bijoux" dans la plupart des albums dans lesquels elle apparaît. Faust
78%
Pays fictif dans lequel Tintin rencontre Bianca Castafiore alors qu'il s'était réfugié dans l'opéra de la capitale avec le capitaine Haddock. La Bordurie
78%
Oiseau réputé pour son chant aux sonorités variées et harmonieuses. Il est le surnom de Bianca Castafiore. Le rossignol
74%
Ville d'Italie d'où Bianca Castafiore est originaire. Milan
74%
Bandit à qui appartient le yacht précédent. Roberto Rastapopoulos
74%
Chef de la police secrète de ce pays, admirateur de Bianca Castafiore qu'elle reçoit dans sa loge alors que Tintin et Haddock sont cachés dans sa penderie. Le colonel Sponsz
67%
Pseudonyme du précédent au nom de qui Bianca Castafiore souhaite la bienvenue sur le bateau à Tintin et Haddock. La presse à sensation l'a également faussement marié à lui. Le marquis di Gorgonzola
56%
Style de musique très rythmé, dérivé de la musique des noirs américains. Le capitaine Haddock fait un jeu de mot entre le nom de ce style de musique et le nom que Bianca Castafiore lui donne lorsqu'elle l'aperçoit sur le yacht du précédent. Le rock n roll
56%
Personnage des "Mille et une nuits" qui est également le nom du yacht sur lequel Bianca Castafiore participe à un bal costumé. Shéhérazade
56%
Compositeur français de cet opéra. Charles Gounod
48%
Album dans lequel on voit pour la première fois le capitaine Haddock excédé par la voix de la Castafiore. Les Sept boules de cristal
44%
Nom qu'Haddock donne à Bianca Castafiore en réaction à toutes les fois qu'elle écorche son nom. Madame Castafiole
44%
Voix de Bianca Castafiore. Soprano
41%
Auteur original allemand des pièces de théâtre que le précédent a adapté en opéra. Johann Wolfgang von Goethe
33%
Nom du personnage qu'interprète Bianca Castafiore en chantant "L'Air des Bijoux". Marguerite
33%
Aucun quiz correspondant
Distribution des résultats
% des personnes avec chaque résultat
Percentile par nombre de réponses
Votre historique - résultats
Vous n’avez pas pris ce quiz